|
|
|
|
| LEADER |
01285nab a2200325 i 4500 |
| 001 |
publ38882 |
| 005 |
20260129125631.0 |
| 008 |
260129s2026 hu o 000 eng d |
| 022 |
|
|
|a 2050-7283
|
| 024 |
7 |
|
|a 10.1186/s40359-025-03754-1
|2 doi
|
| 024 |
7 |
|
|a 36495669
|2 mtmt
|
| 040 |
|
|
|a SZTE Publicatio Repozitórium
|b hun
|
| 041 |
|
|
|a eng
|
| 100 |
1 |
|
|a Lévai Tünde
|
| 245 |
1 |
0 |
|a Body and Mind Programme for recovery from breast cancer
|h [elektronikus dokumentum] :
|b Evaluation of the impact of health promotion intervention carried out in a multidisciplinary team on health-promoting behaviours: a quasi-randomised-controlled clinical trial /
|c Lévai Tünde
|
| 260 |
|
|
|c 2026
|
| 300 |
|
|
|a 22
|
| 490 |
0 |
|
|a BMC PSYCHOLOGY
|v 14 No. 1
|
| 650 |
|
4 |
|a Klinikai orvostan
|
| 700 |
0 |
1 |
|a Lázár György ifj
|e aut
|
| 700 |
0 |
1 |
|a Simonka Zsolt
|e aut
|
| 700 |
0 |
1 |
|a Paszt Attila
|e aut
|
| 700 |
0 |
1 |
|a Horváth Zoltán
|e aut
|
| 700 |
0 |
1 |
|a Ottlakán Aurél
|e aut
|
| 700 |
0 |
1 |
|a Holczer Adrienn
|e aut
|
| 700 |
0 |
1 |
|a Göncző Andrea
|e aut
|
| 700 |
0 |
1 |
|a Börcsök Nikolett Mónika
|e aut
|
| 700 |
0 |
1 |
|a Pipicz Gréta
|e aut
|
| 700 |
0 |
1 |
|a Látos Melinda
|e aut
|
| 856 |
4 |
0 |
|u http://publicatio.bibl.u-szeged.hu/38882/1/LevaiTundeLazarSimonka.....BodyandMindProgrammeforrecoveryfrombreastcancer.pdf
|z Dokumentum-elérés
|